Statistics for Movies Set in China

Click here to take the quiz!

General Stats

  • This quiz has been taken 73 times
  • The average score is 6 of 17

Answer Stats

DescriptionMovie% Correct
Girl must bring honor to her family, by joining the militaryMulan
95%
Chinese animal becomes a martial arts masterKung Fu Panda
91%
Martial arts student uses crane kick to defeat a leg-sweeping bullyThe Karate Kid
75%
Giant robots battle monsters from the deepPacific Rim
53%
Austrian mountaineer meets Dalai LamaSeven Years in Tibet
44%
The Emperor does not accept that China has now become a republicThe Last Emperor
40%
Master Li embarks on a mission to find his stolen jade swordCrouching Tiger,
Hidden Dragon
35%
Brave British boy is held in a Japanese POW camp during WWIIEmpire of the Sun
30%
Just like in "San Andreas", The Rock must save his family from a buildingSkyscraper
30%
Martial artist agrees to spy on a reclusive crime lordEnter the Dragon
25%
Wing Chun grandmaster who later becomes Bruce Lee's teacherIp Man
21%
Family does not tell their grandmother that she's got cancerThe Farewell
18%
An unnamed fighter is honored for defeating three of the king's
most dangerous enemies
Hero
16%
Strangers form a bond, after their respective partners cheat on them.
You may have heard its soundtrack called "Yumeji's Theme"
In the Mood for Love
16%
Policeman infiltrates the mob. Meanwhile a criminal mole infiltrates the police. 
Martin Scorsese remade it and named it "The Departed"
Infernal Affairs
14%
Swashbuckling white adventurer must defeat the evil Emperor who has been
magically brought back to life
The Mummy: Tomb of
the Dragon Emperor
14%
Police deputies during Tang dynasty are ordered to investigate a blind dancerHouse of Flying Daggers
11%

Score Distribution

Percentile by Number Answered

Percent of People with Each Score

Your Score History

You have not taken this quiz